EFFECTIVE BUSINESS LETTER A MODERN GUIDE TO CORRECT COMMERCIAL CORROESSPONDENCE (Record no. 585648)

000 -LEADER
fixed length control field 00328nam a22001217a 4500
082 ## - DEWEY DECIMAL CLASSIFICATION NUMBER
Classification number 651.74 MEH'E
100 ## - MAIN ENTRY--PERSONAL NAME
Personal name MEHTA, R. J
9 (RLIN) 80761
245 ## - TITLE STATEMENT
Title EFFECTIVE BUSINESS LETTER A MODERN GUIDE TO CORRECT COMMERCIAL CORROESSPONDENCE
250 ## - EDITION STATEMENT
Edition statement 34TH
260 ## - PUBLICATION, DISTRIBUTION, ETC.
Place of publication, distribution, etc. BOMBAY
Name of publisher, distributor, etc. D. B. TARAPOREVALAN
Date of publication, distribution, etc. 1963
300 ## - PHYSICAL DESCRIPTION
Extent 211P
942 ## - ADDED ENTRY ELEMENTS (KOHA)
Koha item type Book
Holdings
Withdrawn status Lost status Damaged status Not for loan Permanent Location Current Location Shelving location Date acquired Total Checkouts Full call number Barcode Date last seen Price effective from Koha item type
        College of Electrical & Mechanical Engineering (CEME) College of Electrical & Mechanical Engineering (CEME) General Stacks 07/10/2017   651.74 MEH'E CEME-4742 06/28/2021 06/28/2021 Book
© 2023 Central Library, National University of Sciences and Technology. All Rights Reserved.